[Event "exe Slovakia Open 2025"]
[Site "Bratislava SVK"]
[Date "2025.09.19"]
[Round "7.16"]
[White "Kubik, Rafal"]
[Black "Janik, Marek Tobias"]
[Result "1/2-1/2"]
[WhiteTitle "CM"]
[WhiteElo "2192"]
[BlackElo "2045"]
[WhiteFideId "21022852"]
[BlackFideId "73612715"]
[EventDate "2025.09.13"]

1. e4 c5 2. Nf3 a6 3. c4 Nc6 4. d4 cxd4 5. Nxd4 e5 6. Nf5 d6 7. Bd3 g6 8. Ne3
Bh6 9. Nc3 Be6 10. O-O Nf6 11. Ned5 Bxc1 12. Qxc1 Bxd5 13. exd5 Nb8 14. a4 Nbd7
15. a5 O-O 16. b4 Rc8 17. Qc2 Nh5 18. Ne4 Ndf6 19. Nxf6+ Qxf6 20. g3 Qg5 21. Be2
f5 22. Bxh5 Qxh5 23. f4 exf4 24. Rxf4 Rfe8 25. Rf2 Re4 26. c5 Qg4 27. Qc3 Rxb4
28. Qf6 Rxc5 29. Qxd6 Rcb5 30. Qe6+ Kg7 31. d6 Rb1+ 32. Rxb1 Rxb1+ 33. Kg2 Qe4+
34. Qxe4 fxe4 35. Rd2 e3 36. d7 exd2 37. d8=Q d1=Q 38. Qe7+ Kh6 39. Qe3+ Kg7 40.
Qe7+ Kg8 1/2-1/2

[Event "exe Slovakia Open 2025"]
[Site "Bratislava SVK"]
[Date "2025.09.19"]
[Round "7.18"]
[White "Dovgaliuk, Oleksandr"]
[Black "Kapinaj, Matus"]
[Result "1/2-1/2"]
[WhiteTitle "FM"]
[WhiteElo "2316"]
[BlackElo "2023"]
[WhiteFideId "14167247"]
[BlackFideId "14980703"]
[EventDate "2025.09.13"]

1. d4 Nf6 2. Nf3 d5 3. Bg5 Ne4 4. Bh4 c6 5. Nbd2 Bf5 6. e3 Nd7 7. Nxe4 Bxe4 8.
Nd2 Bg6 9. Be2 Nf6 10. O-O e6 11. c4 Be7 12. Qb3 Qc8 13. a4 a5 14. c5 O-O 15.
Bd3 Re8 16. Bxf6 Bxf6 17. Bxg6 hxg6 18. f4 Rb8 19. Qc3 Qc7 20. b4 axb4 21. Qxb4
b6 22. Rfc1 g5 23. g3 gxf4 24. gxf4 Be7 1/2-1/2

[Event "exe Slovakia Open 2025"]
[Site "Bratislava SVK"]
[Date "2025.09.19"]
[Round "7.19"]
[White "Babula, Matej"]
[Black "Oruzinsky, Juraj"]
[Result "1/2-1/2"]
[BlackTitle "FM"]
[WhiteElo "2012"]
[BlackElo "2318"]
[WhiteFideId "398322"]
[BlackFideId "14962195"]
[EventDate "2025.09.13"]

1. e4 c5 2. Nf3 Nc6 3. d4 cxd4 4. Nxd4 Nf6 5. Nc3 e5 6. Ndb5 d6 7. Bg5 a6 8. Na3
b5 9. Nd5 Be7 10. Bxf6 Bxf6 11. c4 b4 12. Nc2 O-O 13. g3 a5 14. Bg2 Be6 15. O-O
Qb8 16. Nxf6+ gxf6 17. b3 Kh8 18. Qf3 Kg7 19. Qe3 a4 20. Kh1 Qa7 21. Qd2 Qc5 22.
f4 Ra6 23. Ne3 Qd4 24. Qe2 axb3 25. f5 Rxa2 26. Qg4+ Kh8 27. Qh4 Rxa1 1/2-1/2

[Event "exe Slovakia Open 2025"]
[Site "Bratislava SVK"]
[Date "2025.09.19"]
[Round "7.20"]
[White "Lahav, Michal"]
[Black "Zawisza, Alan"]
[Result "1-0"]
[WhiteTitle "WIM"]
[WhiteElo "2152"]
[BlackElo "2084"]
[WhiteFideId "2813742"]
[BlackFideId "91131456"]
[EventDate "2025.09.13"]

1. e4 c5 2. c3 d5 3. exd5 Qxd5 4. d4 Nf6 5. Nf3 Bg4 6. Nbd2 Nc6 7. dxc5 Qxc5 8.
h3 Bh5 9. Qa4 a6 10. Be2 Rc8 11. O-O e6 12. Nb3 Qb6 13. Rd1 Be7 14. Be3 Qc7 15.
Bf4 Qb6 16. Nbd2 Qa7 17. Bg5 O-O 18. Bxf6 Bxf6 19. Ne4 Be7 20. Rd7 Rcd8 21. Qxc6
Qa8 22. Rxd8 Qxd8 23. Qxb7 f5 24. Rd1 Qe8 25. Nd6 Bxd6 26. Rxd6 e5 27. Rd7 Qg6
28. Nxe5 Qf6 29. Qd5+ 1-0

[Event "exe Slovakia Open 2025"]
[Site "Bratislava SVK"]
[Date "2025.09.19"]
[Round "7.21"]
[White "Zetocha, Adrian"]
[Black "Herka, Jakub"]
[Result "1-0"]
[WhiteTitle "FM"]
[WhiteElo "2183"]
[BlackElo "1992"]
[WhiteFideId "14950430"]
[BlackFideId "21023743"]
[EventDate "2025.09.13"]

1. d4 Nf6 2. c4 e6 3. Nc3 Bb4 4. Qc2 O-O 5. a3 Bxc3+ 6. Qxc3 b6 7. Bg5 Bb7 8. f3
d5 9. e3 Nbd7 10. cxd5 exd5 11. Bb5 c6 12. Ba4 Re8 13. Nh3 h6 14. Bf4 Rc8 15.
O-O Qe7 16. Rfe1 c5 17. Bg3 a6 18. dxc5 Rxc5 19. Qd2 Rec8 20. Nf4 Ne5 21. Nd3
Nxd3 22. Qxd3 Nd7 23. Qf5 b5 24. Bb3 Nf8 25. Be5 Qe6 26. Qxe6 Nxe6 27. Rad1 Rd8
28. Bc3 Rcc8 29. Ba5 Rd7 30. Re2 d4 31. Bb6 d3 32. Red2 Rc6 33. Ba5 Nc5 34. Ba2
Na4 35. Rxd3 Rxd3 36. Rxd3 Nxb2 37. Rd7 Bc8 38. Rxf7 Nc4 39. Ra7 Kh7 40. a4 bxa4
41. Bxc4 Rxc4 42. Bb6 Rb4 43. Rc7 Rxb6 44. Rxc8 Rb7 45. Rc4 h5 46. Rxa4 Rb6 47.
Rc4 Rb7 48. Rc8 Rb1+ 49. Kf2 Kg6 50. e4 Ra1 51. e5 a5 52. Rf8 Ra2+ 53. Ke3 Ra1
54. Kd2 Ra2+ 55. Kd3 Ra1 56. Kc4 Re1 57. Kd5 a4 58. Rf4 a3 59. Ra4 Ra1 60. Ke6
a2 61. h3 Kg5 62. Kf7 Kf5 63. e6 1-0

[Event "exe Slovakia Open 2025"]
[Site "Bratislava SVK"]
[Date "2025.09.19"]
[Round "7.22"]
[White "Bujukliev, Nikola"]
[Black "Mikulas, Dusan"]
[Result "1/2-1/2"]
[BlackTitle "FM"]
[WhiteElo "2130"]
[BlackElo "2003"]
[WhiteFideId "15000907"]
[BlackFideId "14900521"]
[EventDate "2025.09.13"]

1. b3 e5 2. Bb2 Nc6 3. e3 d5 4. Bb5 f6 5. Nf3 a6 6. Bxc6+ bxc6 7. d4 e4 8. Nfd2
Bd6 9. c4 f5 10. Qc1 Nf6 11. Ba3 O-O 12. g3 Bxa3 13. Qxa3 f4 14. gxf4 Bh3 15.
Rg1 Ng4 16. Rg3 Qh4 17. Nc3 Rxf4 18. exf4 e3 19. O-O-O exd2+ 20. Rxd2 Nxh2 21.
Qc5 Nf1 22. Qxc6 Rd8 23. Qxc7 Rd7 24. Qb8+ Kf7 25. Nxd5 Nxd2 26. Kxd2 Bg4 27.
Qe5 h5 28. Ne3 Qd8 29. d5 Qa5+ 30. Kc2 Re7 31. Qc3 Qxa2+ 32. Qb2 Qa5 33. Qc3
Qa2+ 34. Qb2 1/2-1/2

[Event "exe Slovakia Open 2025"]
[Site "Bratislava SVK"]
[Date "2025.09.19"]
[Round "7.23"]
[White "Fudala, Dominik"]
[Black "Nadzamova, Viktoria"]
[Result "0-1"]
[BlackTitle "WFM"]
[WhiteElo "1829"]
[BlackElo "2129"]
[WhiteFideId "1189298"]
[BlackFideId "14943999"]
[EventDate "2025.09.13"]

1. e4 c5 2. Nc3 Nc6 3. Bb5 g6 4. Bxc6 bxc6 5. f4 c4 6. Nf3 Bg7 7. b3 Ba6 8. Bb2
Nf6 9. d4 cxd3 10. cxd3 O-O 11. Qd2 d6 12. O-O-O e5 13. Kb1 Nd7 14. fxe5 Nxe5
15. Nxe5 dxe5 16. Na4 Bb5 17. Nc5 Qe7 18. Qc1 a5 19. a4 Rfc8 20. Rhe1 Ba6 21.
Ka2 Rcb8 22. d4 Bf8 23. Nxa6 Rxa6 24. d5 Rab6 25. Ba3 Qxa3+ 26. Qxa3 Bxa3 27.
Kxa3 Rxb3+ 28. Ka2 Rb2+ 29. Ka1 R2b4 30. Rd2 Rxa4+ 31. Ra2 Rxa2+ 32. Kxa2 cxd5
33. exd5 f6 34. Rc1 Rb5 35. Rd1 Kf7 36. d6 Ke8 37. g4 Kd7 38. Rf1 Kxd6 39. Rxf6+ 0-1

[Event "exe Slovakia Open 2025"]
[Site "Bratislava SVK"]
[Date "2025.09.19"]
[Round "7.24"]
[White "Schroeder, Lennart"]
[Black "Ondreicka, Roman"]
[Result "1/2-1/2"]
[WhiteElo "2126"]
[BlackElo "1938"]
[WhiteFideId "16222490"]
[BlackFideId "14980231"]
[EventDate "2025.09.13"]

1. d4 Nf6 2. c4 g6 3. Nc3 Bg7 4. e4 d6 5. h3 O-O 6. Be3 e5 7. d5 a5 8. g4 Na6 9.
Nge2 Nc5 10. Ng3 Kh8 11. Qd2 Ng8 12. Be2 f6 13. h4 Rf7 14. g5 fxg5 15. h5 gxh5
16. Bxh5 Rf4 17. Bxf4 exf4 18. Bg6 h6 19. Nf5 Bxf5 20. Bxf5 Qf6 21. Kf1 1/2-1/2

[Event "exe Slovakia Open 2025"]
[Site "Bratislava SVK"]
[Date "2025.09.19"]
[Round "7.25"]
[White "Hasala, Richard"]
[Black "Akdogan, Alperen"]
[Result "0-1"]
[BlackTitle "FM"]
[WhiteElo "1996"]
[BlackElo "2113"]
[WhiteFideId "14969157"]
[BlackFideId "6347363"]
[EventDate "2025.09.13"]

1. e4 c6 2. d4 d5 3. exd5 cxd5 4. c4 Nf6 5. Nc3 g6 6. Nf3 Bg7 7. cxd5 O-O 8. Bc4
Nbd7 9. O-O Nb6 10. Bb3 Bf5 11. Bg5 Nfxd5 12. Re1 h6 13. Bh4 g5 14. Bg3 e6 15.
Ne4 Bxe4 16. Rxe4 f5 17. Rxe6 f4 18. Qd3 Qd7 19. Rae1 Rae8 20. Bc2 Rxe6 21. Qh7+
Kf7 22. Bg6+ Kf6 23. Ne5 Rxe5 0-1

[Event "exe Slovakia Open 2025"]
[Site "Bratislava SVK"]
[Date "2025.09.19"]
[Round "7.26"]
[White "Durana, Jonas"]
[Black "Michalska, Aleksandra"]
[Result "1-0"]
[WhiteElo "2112"]
[BlackElo "1892"]
[WhiteFideId "73619663"]
[BlackFideId "1193953"]
[EventDate "2025.09.13"]

1. e4 d6 2. d4 Nf6 3. Nc3 Nbd7 4. f4 e5 5. Nf3 exd4 6. Qxd4 c6 7. Bd2 d5 8.
O-O-O Bc5 9. Qd3 O-O 10. exd5 Re8 11. dxc6 bxc6 12. Ng5 a5 13. Qf3 Qc7 14. Bc4
Rf8 15. a4 Nb6 16. Bd3 h6 17. Nge4 Nxe4 18. Nxe4 Be7 19. f5 Nd5 20. g4 Qe5 21.
c3 Ba6 22. Bc2 Bh4 23. Qh3 Qe7 24. Rhe1 Bxe1 25. Rxe1 f6 26. g5 fxg5 27. Nxg5
Qb7 28. Ne6 Rab8 29. b3 Rf7 30. Rg1 Qe7 31. Bxh6 Qa3+ 32. Kd2 Qd6 33. Bxg7 Nf6+
34. Bd3 Qxd3+ 35. Qxd3 Bxd3 36. Bxf6+ Kh7 37. Ng5+ Kg8 38. Be5 Rd8 39. Ne6+ 1-0

[Event "exe Slovakia Open 2025"]
[Site "Bratislava SVK"]
[Date "2025.09.19"]
[Round "7.27"]
[White "Andre, Tomas"]
[Black "Voiculescu-Holvad, Stefan"]
[Result "1-0"]
[WhiteTitle "CM"]
[WhiteElo "2111"]
[BlackElo "1875"]
[WhiteFideId "14975793"]
[BlackFideId "20692005"]
[EventDate "2025.09.13"]

1. e4 c5 2. Nf3 g6 3. d4 cxd4 4. Qxd4 Nf6 5. Nc3 Nc6 6. Qa4 d6 7. e5 dxe5 8.
Nxe5 Bd7 9. Nxd7 Qxd7 10. Bd2 Bg7 11. O-O-O O-O 12. h4 Qd4 13. Qb3 Qb4 14. Qxb4
Nxb4 15. Bc4 Rac8 16. Bb3 Rfd8 17. f3 e6 18. Be3 Nc6 19. Nb5 Rxd1+ 20. Rxd1 a6
21. Nd6 Rc7 22. c3 Rd7 23. Nc4 Rxd1+ 24. Kxd1 Nd5 25. Bd2 b5 26. Ne3 Nf4 27. a4
Nd3 28. axb5 axb5 29. Kc2 Nc5 30. Ba2 Bf6 31. Be1 h5 32. b4 Na6 33. Kb3 Be7 34.
Bb1 Kf8 35. Bd3 Nc7 36. Nc2 Ke8 37. Na3 Na7 38. Bf2 Nc6 39. Nxb5 Nd5 40. g3
Ncxb4 41. cxb4 Nxb4 42. Be2 Nc6 43. Nd4 Ne5 44. f4 Ng4 45. Bxg4 hxg4 46. Nc6 1-0

[Event "exe Slovakia Open 2025"]
[Site "Bratislava SVK"]
[Date "2025.09.19"]
[Round "7.28"]
[White "Canella, Jacopo"]
[Black "Levytskyi, Liubomyr"]
[Result "0-1"]
[WhiteElo "2080"]
[BlackElo "1854"]
[WhiteFideId "2864750"]
[BlackFideId "34132155"]
[EventDate "2025.09.13"]

1. e4 c5 2. Nc3 a6 3. g3 b5 4. Bg2 Bb7 5. d3 e6 6. Nh3 b4 7. Ne2 d5 8. O-O dxe4
9. dxe4 Nc6 10. f4 Be7 11. Nf2 Nf6 12. e5 Nd5 13. c4 bxc3 14. bxc3 Rb8 15. Rb1
Qc7 16. Qc2 O-O 17. Rd1 Rfd8 18. a3 Na5 19. Ne4 Nc4 20. Qa4 Bc6 21. Qc2 Nde3 22.
Rxd8+ Rxd8 23. Qb3 Rd1+ 24. Kf2 Ng4+ 25. Kf3 Nxh2+ 26. Kf2 Ng4+ 27. Kf3 f5 28.
exf6 Nxf6 29. Kf2 Nxe4+ 30. Bxe4 Bxe4 0-1

[Event "exe Slovakia Open 2025"]
[Site "Bratislava SVK"]
[Date "2025.09.19"]
[Round "7.29"]
[White "Eichler, Alexander"]
[Black "Vasynda, Oleksandr"]
[Result "0-1"]
[BlackTitle "FM"]
[WhiteElo "1976"]
[BlackElo "2209"]
[WhiteFideId "12935921"]
[BlackFideId "14176297"]
[EventDate "2025.09.13"]

1. e4 b6 2. d4 Bb7 3. Bd3 e6 4. Nf3 c5 5. c3 d6 6. O-O Nf6 7. Re1 Be7 8. Nbd2
Nbd7 9. a4 Qc7 10. a5 bxa5 11. Qa4 cxd4 12. cxd4 O-O 13. Qxa5 Qxa5 14. Rxa5 Bd8
15. Ra3 Bc7 16. Nb3 Rfc8 17. Bd2 Bb6 18. Na5 Rc7 19. Bb4 Ne8 20. Nxb7 Rxb7 21.
Rea1 Rc7 22. Bc3 f6 23. Kf1 g6 24. Ke2 Rb8 25. R1a2 Kf7 26. Nd2 d5 27. f3 Nd6
28. Ba5 dxe4 29. fxe4 e5 30. Bxb6 axb6 31. Ra7 Rcb7 32. Rxb7 Rxb7 33. d5 f5 34.
exf5 gxf5 35. Nc4 Nxc4 36. Bxc4 Ke7 37. Bb5 Nb8 38. b4 Kd6 39. Rd2 Rg7 40. Ke3
Ra7 41. Bd3 Ra3 42. Ke2 e4 43. Bc2 Na6 44. Rd4 Ra2 45. Kd1 Nc7 46. Rc4 Nxd5 47.
Rd4 Ra1+ 48. Ke2 Ke5 49. Rc4 Ra2 50. b5 Rb2 51. g4 Nb4 0-1

[Event "exe Slovakia Open 2025"]
[Site "Bratislava SVK"]
[Date "2025.09.19"]
[Round "7.30"]
[White "Srnak, Martin"]
[Black "Marchesich, Giovanni"]
[Result "0-1"]
[BlackTitle "CM"]
[WhiteElo "1671"]
[BlackElo "2189"]
[WhiteFideId "14973308"]
[BlackFideId "2824790"]
[EventDate "2025.09.13"]

1. d4 d5 2. c4 e6 3. Nc3 Nf6 4. cxd5 exd5 5. Bg5 Be7 6. e3 O-O 7. Bd3 Re8 8. Qc2
h6 9. Bh4 c5 10. Nf3 Nc6 11. O-O Nb4 12. Qd2 Nxd3 13. Bxf6 Bxf6 14. Qxd3 c4 15.
Qe2 Bf5 16. Qd2 Qd7 17. a4 b6 18. Ne1 a6 19. Nc2 Be7 20. f3 Bg5 21. f4 Be7 22.
Rfe1 Bf8 23. Re2 Rab8 24. Na2 Qxa4 25. Nc3 Qb3 26. Nxd5 Bd3 27. Rf2 Qxb2 28.
Rxa6 Ra8 29. Ncb4 Qb1+ 0-1

[Event "exe Slovakia Open 2025"]
[Site "Bratislava SVK"]
[Date "2025.09.19"]
[Round "7.32"]
[White "Sekova, Olivia"]
[Black "Matejka, Simon"]
[Result "1-0"]
[WhiteElo "2102"]
[BlackElo "1950"]
[WhiteFideId "14959690"]
[BlackFideId "14974541"]
[EventDate "2025.09.13"]

1. e4 c5 2. Nf3 d6 3. d4 cxd4 4. Qxd4 Nc6 5. Bb5 f5 6. Nc3 fxe4 7. Ng5 Bd7 8.
Qd5 Nh6 9. O-O Qc7 10. Ne6 Bxe6 11. Qxe6 Nf7 12. Be3 Qd7 13. Qxe4 g6 14. Nd5 Kd8
15. Bb6+ Kc8 16. Bxa7 Ng5 17. Qc4 Qd8 18. Nb6+ Kc7 19. Nxa8+ Qxa8 20. Be3 h6 21.
f4 Nh7 22. a4 Nf6 23. a5 d5 24. Bb6+ Kd7 25. Rfd1 e6 26. a6 Ke7 27. Qc3 d4 28.
Qc4 Nd5 29. axb7 Qxb7 30. Bxc6 Qxb6 31. Bxd5 exd5 32. Re1+ Kd6 33. Qd3 Kd7 34.
Ra6 Qb4 35. Ra7+ Kd8 36. Rea1 Bd6 37. Qxg6 Re8 38. Qf6+ Kc8 39. Ra8+ Bb8 40.
Qc6+ Kd8 41. Rxb8+ Qxb8 42. Ra8 Qxa8 43. Qxa8+ 1-0

[Event "exe Slovakia Open 2025"]
[Site "Bratislava SVK"]
[Date "2025.09.19"]
[Round "7.33"]
[White "Striskova, Lucia"]
[Black "Bartolome Martin, Angel"]
[Result "1/2-1/2"]
[WhiteTitle "WFM"]
[WhiteElo "2042"]
[BlackElo "1919"]
[WhiteFideId "14960958"]
[BlackFideId "24527823"]
[EventDate "2025.09.13"]

1. e4 e5 2. Nf3 Nc6 3. Bc4 Nf6 4. d3 h6 5. c3 d6 6. Nbd2 g6 7. a4 Bg7 8. a5 a6
9. O-O O-O 10. Re1 b5 11. axb6 cxb6 12. b4 Bb7 13. b5 Na5 14. bxa6 Nxc4 15. Nxc4
Rxa6 16. Rxa6 Bxa6 17. Qa4 Bxc4 18. Qxc4 Qd7 19. Qb4 Qc6 20. c4 Nd7 21. Ba3 Nc5
22. Qc3 Ra8 23. Bxc5 Qxc5 24. Ra1 Ra5 25. Nd2 f5 26. g3 Kf7 27. Kg2 Rxa1 28.
Qxa1 Qa5 29. Qb2 Bf6 30. Nf1 fxe4 31. dxe4 Qe1 32. Qc2 Bg5 33. h4 Bc1 34. Qd3
Qb4 35. Nh2 h5 36. Nf3 Qc5 37. Ne1 g5 38. hxg5 Bxg5 39. Nc2 Ke7 40. Qa3 Qxa3 41.
Nxa3 Bd2 42. Kf1 Bg5 43. Ke2 Kd7 44. Nb5 Ke7 45. Nc3 Kd7 46. Na4 Ke7 47. Nxb6
Kd8 48. Nd5 Kd7 49. Kd3 Kc6 50. Kc3 Kc5 51. Kd3 h4 52. gxh4 Bxh4 53. f4 exf4 54.
Nxf4 Bf6 55. Ne6+ Kc6 56. Kc2 Kd7 57. Nf4 Kc6 58. Nd3 Bd4 59. Kb3 Kb6 60. Kb4
Be3 61. e5 dxe5 62. Nxe5 Bg1 63. Kc3 Kc5 64. Nd3+ Kc6 65. Nc1 Bf2 66. Nb3 Ba7
67. Kb4 Be3 68. Na5+ Kb6 69. Nb3 Bf2 70. Kc3 Kc6 71. Kd3 Bg1 72. Ke4 Bb6 73. Ke5
Bc7+ 74. Kd4 Bb6+ 75. Ke4 Bc7 76. Nd4+ Kc5 77. Kd3 Bh2 78. Ne6+ Kd6 79. Ng5 Kc5
80. Ne4+ Kc6 81. Kd4 Bg1+ 1/2-1/2

[Event "exe Slovakia Open 2025"]
[Site "Bratislava SVK"]
[Date "2025.09.19"]
[Round "7.34"]
[White "Iankin, Arseni"]
[Black "Thompson, Ian D"]
[Result "1/2-1/2"]
[BlackTitle "FM"]
[WhiteElo "1976"]
[BlackElo "2006"]
[WhiteFideId "24224073"]
[BlackFideId "405205"]
[EventDate "2025.09.13"]

1. e4 e6 2. d4 d5 3. Nc3 Nf6 4. exd5 exd5 5. h3 Be7 6. Bf4 O-O 7. Nb5 Na6 8. Nc3
Re8 9. Bxa6 bxa6 10. Nge2 Rb8 11. Qc1 Bf5 12. O-O Qd7 13. Nd1 Qb5 14. Ng3 Bg6
15. b3 Qb6 16. c3 Rbc8 17. b4 a5 18. a3 Ra8 19. Ne3 c6 20. Nef5 Bf8 21. Bd6 Ne4
22. Nxe4 Rxe4 23. Bc5 Qd8 24. Ng3 Re6 25. Bxf8 Kxf8 26. Qd2 axb4 27. axb4 a5 28.
f4 Be4 29. f5 Re8 30. f6 Bg6 31. fxg7+ Kxg7 32. bxa5 Rxa5 33. Rxa5 Qxa5 34. Nf5+
Bxf5 35. Rxf5 Qd8 36. Qf4 1/2-1/2

[Event "exe Slovakia Open 2025"]
[Site "Bratislava SVK"]
[Date "2025.09.19"]
[Round "7.35"]
[White "Barbir, Petar"]
[Black "Galla, Richard"]
[Result "0-1"]
[WhiteElo "1923"]
[BlackElo "2035"]
[WhiteFideId "14596466"]
[BlackFideId "14948672"]
[EventDate "2025.09.13"]

1. e4 c5 2. Nf3 Nc6 3. d4 cxd4 4. Nxd4 Nf6 5. Nc3 e5 6. Ndb5 d6 7. Bg5 a6 8. Na3
b5 9. Bxf6 gxf6 10. Nd5 Bg7 11. g3 Ne7 12. Bg2 Nxd5 13. Qxd5 Be6 14. Qc6+ Ke7
15. O-O-O Qb8 0-1

[Event "exe Slovakia Open 2025"]
[Site "Bratislava SVK"]
[Date "2025.09.19"]
[Round "7.36"]
[White "Shlaen, Rem"]
[Black "Slaba, Andrea"]
[Result "1-0"]
[WhiteElo "1995"]
[BlackElo "2021"]
[WhiteFideId "2812932"]
[BlackFideId "14940680"]
[EventDate "2025.09.13"]

1. e4 c6 2. d4 d5 3. Nc3 dxe4 4. Nxe4 Bf5 5. Ng3 Bg6 6. h4 h6 7. Nf3 Nd7 8. Bd3
Bxd3 9. Qxd3 e6 10. Bf4 Ngf6 11. O-O-O Be7 12. Qe2 O-O 13. Ne5 Nd5 14. Bd2 Bb4
15. Nh5 Bxd2+ 16. Qxd2 N5f6 17. Nxd7 Nxd7 18. g4 Nf6 19. Nxf6+ Qxf6 20. Rdg1 Qg6
21. h5 Qh7 22. g5 hxg5 23. Rxg5 Kh8 24. Rhg1 Rg8 25. Qf4 Raf8 26. h6 Qxh6 27.
R1g4 f6 28. Rh5 Qxh5 29. Rh4 1-0

[Event "exe Slovakia Open 2025"]
[Site "Bratislava SVK"]
[Date "2025.09.19"]
[Round "7.37"]
[White "Maciejewski, Kamil"]
[Black "Reichel, Lukasz"]
[Result "1-0"]
[WhiteElo "2018"]
[BlackElo "1905"]
[WhiteFideId "21805768"]
[BlackFideId "1135961"]
[EventDate "2025.09.13"]

1. g3 d5 2. Nf3 c5 3. Bg2 Nc6 4. d4 e6 5. O-O Nf6 6. c4 dxc4 7. dxc5 Qxd1 8.
Rxd1 Bxc5 9. Nbd2 c3 10. bxc3 O-O 11. Nb3 Be7 12. Nfd4 Bd7 13. Bg5 Rfd8 14. Bxf6
Bxf6 15. Nc5 Nxd4 16. cxd4 Bc6 17. Bxc6 bxc6 18. e3 e5 19. Nb7 Rd5 20. dxe5 Rxe5
21. Rac1 Rc8 22. Rd7 Be7 23. Nd6 Bxd6 24. Rxd6 Ra5 25. Rdxc6 Rxc6 26. Rxc6 g5
27. Rc2 h5 28. Kg2 Kg7 29. g4 Kg6 30. Kg3 f6 31. gxh5+ Kxh5 32. f4 Ra3 33. Kf3
Kg6 34. h3 Kf7 35. fxg5 fxg5 36. Ke4 Kf6 37. Kd4 Ra4+ 38. Kd5 Ra5+ 39. Kd6 Ra3
40. Rf2+ Kg6 41. e4 Rxh3 42. e5 Rd3+ 43. Ke7 g4 44. Rf6+ Kg7 45. Rf4 g3 46. Rg4+
Kh6 47. e6 a5 48. Ke8 Re3 49. e7 Rf3 50. Kd7 Rd3+ 51. Ke6 Re3+ 52. Kf6 Kh7 53.
Rxg3 Rxg3 54. e8=Q Rf3+ 55. Kg5 1-0

[Event "exe Slovakia Open 2025"]
[Site "Bratislava SVK"]
[Date "2025.09.19"]
[Round "7.38"]
[White "Labrovic, Jakov"]
[Black "Mattinson, Kai"]
[Result "1-0"]
[WhiteElo "2001"]
[BlackElo "1882"]
[WhiteFideId "14549786"]
[BlackFideId "343401562"]
[EventDate "2025.09.13"]

1. f4 Nf6 2. Nf3 g6 3. b3 Bg7 4. Bb2 d5 5. e3 c5 6. Bb5+ Nbd7 7. O-O a6 8. Be2
O-O 9. d3 b5 10. Nbd2 Ng4 11. Bxg7 Kxg7 12. Qc1 Nxe3 13. Re1 Qb6 14. Nc4 Nxc4
15. bxc4 dxc4 16. dxc4 Nf6 17. Ne5 Rb8 18. Rb1 b4 19. Rb3 Ne4 20. Qe3 Nc3 21.
Bf3 e6 22. Nc6 Rb7 23. f5 exf5 24. Ne7 Ra7 25. Nxc8 Rxc8 26. Qxc3+ Qf6 27. Qxf6+
Kxf6 28. c3 a5 29. cxb4 axb4 30. Ra1 Ra4 31. Rd3 Rc7 32. Bd1 Ra6 33. Rd5 h6 34.
Kf2 Kg5 35. Bb3 Re6 36. Re1 Kf6 37. Red1 Ra6 38. R1d3 Re6 39. Rh3 Kg7 40. Rf3
Re8 41. Re3 Re6 42. Ree5 Rxe5 43. Rxe5 Kf6 44. Rd5 Ke6 45. Ke3 Kf6 46. Kd2 Kg5
47. Kc1 Kf4 48. Bd1 Ke3 49. Bf3 Kf2 50. Re5 Kg1 51. h3 Kf2 52. Kb2 Kg3 53. a4
bxa3+ 54. Kxa3 Ra7+ 55. Kb3 Rc7 56. Ka4 Kf4 57. Re8 g5 58. Kb5 g4 59. hxg4 fxg4
60. Bd5 h5 61. Kb6 Rd7 62. Kxc5 h4 63. Kc6 Ra7 64. Kb6 Ra1 65. c5 Rb1+ 66. Ka5
Kg3 67. c6 f5 68. Re3+ Kf2 69. Rc3 Rb8 70. c7 Rc8 71. Be6 Rxc7 72. Rxc7 h3 73.
gxh3 1-0

[Event "exe Slovakia Open 2025"]
[Site "Bratislava SVK"]
[Date "2025.09.19"]
[Round "7.39"]
[White "Kolman, Richard"]
[Black "Nookala, Nikhil Sriram"]
[Result "0-1"]
[WhiteElo "1982"]
[BlackElo "1819"]
[WhiteFideId "14904993"]
[BlackFideId "146241958"]
[EventDate "2025.09.13"]

1. d4 Nf6 2. Nf3 d5 3. e3 c5 4. c3 Nc6 5. Bd3 Bg4 6. Nbd2 e6 7. Qc2 c4 8. Be2
Bf5 9. Qd1 h6 10. Nh4 Bh7 11. f4 g5 12. Nhf3 gxf4 13. exf4 Rg8 14. g3 Ne4 15.
Nxe4 Bxe4 16. Kf2 b5 17. Re1 Qb6 18. Be3 Be7 19. Ne5 Nxe5 20. dxe5 Qb7 21. a3 a5
22. Qd4 Ra6 23. Bd1 a4 24. Bh5 Bf8 25. Qd2 Ra8 26. Bd4 Bd3 27. Qe3 Rc8 28. Rg1
Qe7 29. Rae1 Bf5 30. Qe2 Kd7 31. Qf3 Kc7 32. Qe2 Qe8 33. Bf3 Be7 34. Qe3 Kb7 35.
Ba7 Rc6 36. Bd4 Qf8 37. Qe2 Qg7 38. Qe3 h5 39. Qe2 h4 40. Rc1 Bg4 41. Rc2 Qg6
42. Rcc1 Qf5 43. Qe3 Bxf3 44. Qxf3 Rg4 45. Qe3 Rc8 46. Ba7 Ka8 47. Bd4 Rcg8 48.
Rg2 hxg3+ 49. hxg3 Bh4 50. Rcg1 Rxf4+ 51. Ke2 Re4 52. gxh4 Rxe3+ 53. Kxe3 Qe4+
54. Kf2 Qxh4+ 55. Kf1 Qh3 56. Kf2 Qf5+ 57. Ke3 Qe4+ 58. Kf2 Qc2+ 59. Kf3 Qd3+
60. Kf2 Qd2+ 61. Kf3 Rxg2 62. Rxg2 Qd3+ 63. Kf2 Qf5+ 64. Kg1 Kb7 65. Rf2 Qg6+
66. Kf1 Kc6 67. Re2 Qb1+ 68. Kg2 Kd7 69. Rf2 Ke8 70. Kh2 Kf8 71. Rg2 Qf1 72.
Bc5+ Ke8 73. Bd4 Qf4+ 74. Kg1 f6 75. exf6 e5 76. Re2 Qg4+ 77. Kf2 Qf4+ 78. Ke1
e4 79. Rf2 Qc1+ 80. Ke2 Qxb2+ 81. Kf1 Qc1+ 82. Kg2 Kf7 83. Kh2 Qxa3 84. Rg2 Qf8
85. Kg1 a3 86. Kf1 Qh6 0-1

[Event "exe Slovakia Open 2025"]
[Site "Bratislava SVK"]
[Date "2025.09.19"]
[Round "7.40"]
[White "Sommerbauer-Cornell, Ben"]
[Black "Albu, Vlad"]
[Result "1-0"]
[WhiteElo "1977"]
[BlackElo "1815"]
[WhiteFideId "494712"]
[BlackFideId "13909622"]
[EventDate "2025.09.13"]

1. e4 c5 2. d4 cxd4 3. c3 dxc3 4. Nxc3 d6 5. Bc4 e6 6. Nf3 Nf6 7. O-O Be7 8. Qe2
O-O 9. Rd1 Nbd7 10. Nb5 Ne8 11. Bf4 e5 12. Be3 a6 13. Nc3 Nef6 14. a4 b6 15. Bg5
Qe8 16. Nh4 h6 17. Bxf6 Nxf6 18. Ng6 Bb7 19. Nxf8 Bxf8 20. Nd5 Qd8 21. Qe3 Nd7
22. Ra3 Rc8 23. Rc3 Nc5 24. b3 Bc6 25. Qe2 a5 26. Rg3 Ne6 27. Qh5 g6 28. Rxg6+
fxg6 29. Qxg6+ Bg7 30. Qxe6+ Kh8 31. Ne7 Rc7 32. Ng6+ Kh7 33. Qf5 d5 34. exd5
Bd7 35. Qe4 Qf6 36. Ne7+ Kh8 37. d6 Rxc4 38. Qxc4 Bg4 39. Qg8# 1-0